00726nam a2200229Ia 4500008004100000020001500041050001000056050001600066100002300082245002700105245001800132245012400150260001800274260000900292300001600301300001100317650002800328650002700356700003600383700004200419700003500461160319s9999 xx 000 0 und d a9710803263 a808.8 bAr778p 2004 aArrogante, Jose A. aPanitikang Filipino :  bantolohiya /  cJose A. Arrogante, kasama sina Nenita P. Papa, Nelia T. Albite, Ermelinda L. Carbonell konsultant, Epifania G. Angeles. bAnvil, Manila c2011 a378 pages : c23 cm. aPhilippine literature-- xHistory and criticism. aAlbite, Nelia T., added author. aCarbonell, Ermelinda L., added author aPapa, Nenita P., added author.